000
00314nam a22001217a 4500
008
160425b xxu||||| |||| 00| 0 eng d
020
_a
9780827380080
020
_a
0827380089
041
_a
eng
080
_a
618.2
245
_a
Health promation in nursing;
_c
Janice A. Maville; Carolina G. Huerta;
942
_2
udc
_c
BK
999
_c
1573
_d
1573